000
00285nam a22001337a 4500
008
181018b xxu||||| |||| 00| 0 eng d
020
_a
9780827377790
041
_a
eng
080
_a
591
100
_a
9
101
_a
ZOO
245
_a
Animal Science
_c
Gillespe.J
942
_2
udc
_c
BK
999
_c
50105
_d
50105